000 00612nam a2200169Ia 4500
008 100917s9999 xx 000 0 und d
082 _b15309
100 _aराजवाडे वि. का.
245 _aमराठ्यांच्या इतिहासाची साधने
260 _b---
365 _b0
520 _aइतिहास
630 _aमराठ्यांच्या इतिहासाची साधने
650 _aइतिहास
730 _aमराठ्यांच्या इतिहासाची साधने
942 _cBOOK
999 _c620703
_d620700